Religion Quiz

Random Religion or Puzzle Quiz
Score 0/20 Timer 04:00
0 Plays Today
Question Answer Wrong Answers
Troll Troll Doll
95.3%
My Little Pony
0.8%
Furby
1.6%
Atlas Atlas
94.7%
Compass
2.1%
Sextant
2.9%
Harpy Harp
92.2%
Guitar
1.4%
French Horn
3.7%
Dragon Enter the Dragon
90.4%
True Grit
3.2%
Death Wish
5.2%
Faun Fawn
89.3%
Kitten
3.1%
Piglet
5.3%
Angel Angel Falls
88.3%
Uluru
3.5%
Mount Fuji
4.5%
Cyclops Cyclops
87.9%
Colossus
4.3%
Juggernaut
6.9%
Phoenix Phoenix, Arizona
87.5%
New Orleans, Louisiana
5.1%
St. Louis, Missouri
5.3%
Vampire Vampire Bat
85.6%
Lesser Short-Nosed Fruit Bat
8.7%
Flying Squirrel
2.3%
Ghost Ghost
84.9%
A Few Good Men
3.1%
G.I. Jane
9%
Sirens Police Sirens
83.3%
Traffic Cone
4.3%
Caution Tape
7.9%
Gryphon Peter Griffin
82.3%
Homer Simpson
3.6%
Bob Belcher
11.3%
Mercury Freddie Mercury
80.9%
Mick Jagger
5.6%
Sting
11.7%
Sphinx Sphynx
80.3%
Persian
7.8%
Scottish Fold
7.6%
Pandora Pandora (Avatar)
78.9%
Middle-earth (Lord of the Rings)
4.9%
Westeros (Game of Thrones)
12.1%
Saturn Saturn
78.1%
Toyota
8%
Mercedes-Benz
10.4%
Prometheus Prometheus (2012)
57.2%
Interstellar (2014)
24.4%
Gravity (2013)
11.9%
Horus Horace (Slughorn)
52.8%
Severus (Snape)
11.3%
Sybill (Trelawney)
32.1%
Jason Jason Bateman
51%
Will Arnett
21.4%
David Cross
22.4%
Roc The Rock
43.2%
Vin Diesel
19.5%
Jason Statham
31.4%
Remove Ads.
Support Sporcle.
Get the best of Sporcle when you Go Orange. This ad-free experience offers more features, more stats, and more fun while also helping to support Sporcle. Thank you for becoming a member.

You're not logged in!

Compare scores with friends on all Sporcle quizzes.
OR
Log In

Show Comments

Extras

Top Quizzes Today


Score Distribution

Your Account Isn't Verified!

In order to create a playlist on Sporcle, you need to verify the email address you used during registration. Go to your Sporcle Settings to finish the process.

Report this User

Report this user for behavior that violates our Community Guidelines.

Details: